000 00563ntaaa2200205 4500
003 01
005 20251027202322.0
008 0714s1973 ag 01
040 _aAR-BaBN
_bspa
_cAR-BaBN
_eaacr
_dRIC
082 _a280.4000 St9
100 _aStuber, Stanley I
_98738
245 _aHow protestants differ from roman catholics
250 _a1 ed.
260 _aNew York :
_bAssociation Press,
_cc1961
300 _a126 p
500 _aLas diferencias entre católicos y protestantes
650 _acatolicismo
_9316
650 _aprotestantismo
_9315
942 _cBK
999 _c17991
_d17991